000 00805nam a22001937a 4500
003 OSt
005 20251124113243.0
008 251124b |||||||| |||| 00| 0 eng d
040 _aDWC-Main Lib.
_cOC
082 _aSC. 232.9109 G377L 2010
100 _aGerona, Danilo M.
245 _aThe lady of the cimarrones :
_bthe Peñafrancia devotion in the Spanish Kabikolan 1710-1898/
_cDanilo M. Gerona
260 _aCanaman, Camarines Sur, Phils. :
_bBikol Historical Research Center,
_cc2010.
300 _avii, 162 pages :
_billustrations ;
_c23 cm.
650 _a1. Mary, Blessed Virgin, Saint--Devotion to--Philippines--Bicol Peninsula.
650 _a2. Peña de Francia, Nuestra Señora de la.
650 _a3. Bicol Peninsula (Philippines)--Religious life and customs.
942 _2ddc
_cSC
_kSC.
_n0
999 _c6071
_d6071